El Control financiero y la política tecnológica de Costa Rica /

Salvato in:
Dettagli Bibliografici
Autore principale: Vargas, Minor
Enti autori: Gobierno de Costa Rica, Fondo Provisorio de las Naciones Unidas sobre Ciencia y Tecnología para el Desarrollo
Natura: testo
Pubblicazione: San José: S.D.
Tags: Aggiungi Tag
Nessun Tag, puoi essere il primo ad aggiungerne!!

MARC

LEADER 00000 a a2200000 04500
001 20975
003
040
090 |a 090100  
100 |a Vargas, Minor  
110 |a Gobierno de Costa Rica  
245 |a El Control financiero y la política tecnológica de Costa Rica /  |c Gobierno de Costa Rica  
260 |a San José:   |b S.D.  
300 |a 73 p  
710 |a Fondo Provisorio de las Naciones Unidas sobre Ciencia y Tecnología para el Desarrollo  
999 |c 9294  |d 9294